CAMPBELL'S OPERATIVE ORTHOPAEDICS (Record no. 25316)
[ view plain ]
| 000 -LEADER | |
|---|---|
| fixed length control field | 00420nam a22001697a 4500 |
| 003 - CONTROL NUMBER IDENTIFIER | |
| control field | SGT |
| 020 ## - INTERNATIONAL STANDARD BOOK NUMBER | |
| International Standard Book Number | 9780323672184 |
| 082 ## - DEWEY DECIMAL CLASSIFICATION NUMBER | |
| Classification number | 617.3 |
| Item number | C21A |
| 100 ## - MAIN ENTRY--PERSONAL NAME | |
| Personal name | AZAR, FREDERICK M. |
| 245 ## - TITLE STATEMENT | |
| Title | CAMPBELL'S OPERATIVE ORTHOPAEDICS |
| 250 ## - EDITION STATEMENT | |
| Edition statement | 14TH |
| 260 ## - PUBLICATION, DISTRIBUTION, ETC. (IMPRINT) | |
| Name of publisher, distributor, etc | WOLTERS KLUWER PUB |
| Year of Publication | 2021 |
| 300 ## - PAGE DESCRIPTION | |
| No. of Pages | 1078,2196,3270,4535 |
| 650 ## - SUBJECT ADDED ENTRY--TOPICAL TERM | |
| Topical term or geographic name as entry element | ORTHOPAEDICS |
| 653 ## - KEYWORDS--INDEX TERM | |
| Keyword term | CAMPBELL'S OPERATIVE ORTHOPAEDICS |
| 942 ## - ADDED ENTRY ELEMENTS (KOHA) | |
| Source of classification or shelving scheme | Dewey Decimal Classification |
| Koha item type | Books |
| Withdrawn status | Lost status | Source of classification or shelving scheme | Damaged status | Not for loan | Collection code | Home library | Current library | Shelving location | Date acquired | Vendor Name | Cost, normal purchase price | Volume Information (Serial or Books or Non-Book Material) | SGTU | Bill Number | Total Checkouts | Full call number | Accession No. (Barcode) | Date last seen | Bill Date | Koha item type |
|---|---|---|---|---|---|---|---|---|---|---|---|---|---|---|---|---|---|---|---|---|
| Dewey Decimal Classification | Not For Loan | MEDICAL | SGT Medical Library | SGT Medical Library | Reference Book | 29/11/2023 | ABC DELHI | 35013.00 | VOL-I | SGTU | 17259 | 617.3 C21A | FM14078 | 29/11/2023 | 18/08/2023 | Books | ||||
| Dewey Decimal Classification | Not For Loan | MEDICAL | SGT Medical Library | SGT Medical Library | Reference Book | 29/11/2023 | ABC DELHI | VOL-II | SGTU | 17259 | 617.3 C21A | FM14079 | 29/11/2023 | 18/08/2023 | Books | |||||
| Dewey Decimal Classification | Not For Loan | MEDICAL | SGT Medical Library | SGT Medical Library | Reference Book | 29/11/2023 | ABC DELHI | VOL-III | SGTU | 17259 | 617.3 C21A | FM14080 | 29/11/2023 | 18/08/2023 | Books | |||||
| Dewey Decimal Classification | Not For Loan | MEDICAL | SGT Medical Library | SGT Medical Library | Reference Book | 29/11/2023 | ABC DELHI | VOL-IV | SGTU | 17259 | 617.3 C21A | FM14081 | 29/11/2023 | 18/08/2023 | Books |